000 00203nam a2200085Ia 4500
008 120527s9999 xx 000 0 und d
100 _aRathus, A. Spencer
245 _aEssentials of Psychology
942 _cBK
999 _c27428
_d27428